| 000 | 00925nam a2200277 a 4500 | ||
|---|---|---|---|
| 001 | BRCA_5215 | ||
| 005 | 20190320205004.0 | ||
| 008 | 261110s1947----u--a######---#000-0#eng-# | ||
| 041 | _aeng | ||
| 044 | _au | ||
| 050 | 4 |
_aNA759 _b.B47 1947 |
|
| 100 | 1 |
_aBerlin, Heinrich _913352 |
|
| 245 | 1 | 0 |
_aThree master architects in New Spain _cby Heinrich Berlín. |
| 260 |
_a[Estados Unidos] _bThe Hispanic American Historical Review _c1947 |
||
| 300 |
_a376-383 p. _bil., 5 láminas _c25 cm. |
||
| 500 | _aVol. 22, No. 2, mayo 1947 | ||
| 500 | _aIncluye referencias bibliográficas | ||
| 500 | _aRevista inventariada por Banco de México como libro. | ||
| 500 | _aE50 | ||
| 600 | 1 | 4 |
_aArrieta, Pedro de _d1738 _913353 |
| 600 | 1 | 4 |
_aRodríguez, Lorenzo _d1704-1774 _913354 |
| 600 | 1 | 4 |
_aTorres y Guerrero, Francisco Antonio _d1727-1792 _913355 |
| 651 | 4 |
_aNueva España _xArquitectura _913356 |
|
| 902 | _aGFM | ||
| 942 |
_2lcc _cB |
||
| 999 |
_c4909 _d4909 |
||